000
00301nam a22001337a 4500
008
140107t xxu||||| |||| 00| 0 eng d
020
_a
969-35-1646-X
100
_a
Ashfaq Ahmad
_9
531
240
_a
dhingamashti
245
_a
Dhenga Mashti
246
_a
dhinga mashti
300
_a
340
942
_2
ddc
_c
BK
999
_c
16802
_d
16802